| Поле | Название | Значение |
| |
Тип записи |
i |
| |
Библиографический уровень |
m |
| 001 |
Контрольный номер |
RU/IS/BASE/490712320 |
| 005 |
Дата корректировки |
20201206204948.9 |
| 010 |
Индекс ISBN |
__ |
| a |
ISBN |
978-5-9677-1924-0 (в кор.) |
| d |
Цена |
204-75 |
| 100 |
Данные общей обработки |
__ |
| a |
Данные общей обработки |
19150717d2013||||||| 0rusy0189 ca |
| 101 |
Язык документа |
0_ |
| a |
Язык текста |
rus |
| 102 |
Страна публикации |
__ |
| a |
Страна публикации |
ru| |
| 105 |
Кодированные данные (монография) |
__ |
| a |
Кодированные данные (монография) |
nnz|||||000zy |
| 127 |
Кодированные данные (звукозаписи-физические характеристики) |
__ |
| a |
Продолжительность проигрывания |
20 ч 49 мин |
| 200 |
Заглавие и сведения об ответственности |
1_ |
| a |
Заглавие |
Жанна д'Арк |
| e |
Сведения, относящиеся к заглавию |
[личные воспоминания о Жанне д'Арк сьера Луи де Конта, ее пажа и секретаря : исторический роман : 12+] |
| f |
Первые сведения об ответственности |
Марк Твен ; [читает Аркадий Бухмин] |
| b |
Общее обозначение материала |
Звукозапись |
| 210 |
Выходные данные |
__ |
| a |
Место издания |
Москва |
| c |
Издательство |
1С-Паблишинг |
| c |
Издательство |
Агентство |
| d |
Дата издания |
2013 |
| 215 |
Физическое описание |
__ |
| a |
Объем |
1 электрон. опт. диск (Audio CD) |
| c |
Иллюстрации/тип воспроизводства |
mp3, stereo |
| d |
Формат |
12х14 см |
| 225 |
Серия |
__ |
| a |
Серия |
1С: Аудиокниги |
| 225 |
Серия |
__ |
| a |
Серия |
Зарубежная классика |
| 230 |
Специфическая характеристика материала: электронные ресурсы |
__ |
| a |
Обозначение и объем ресурса |
Электронные звуковые данные |
| 323 |
Примечание о главных создателях, исполнителях, участниках |
__ |
| a |
Примечание о главных создателях, исполнителях, участниках |
Бухмин, А. (читает) |
| 330 |
Аннотация |
__ |
| a |
Аннотация |
Марк Твен знаменитый американский писатель, журналист, общественный деятель. В числе блестяще освоенных им жанров - юмор, сатира, приключения, философская фантастика, публицистика, и во всех этих жанрах он выступал с гуманистических позиций. Еще в отроческие годы будущий прозаик увлекся историей Жанны д'Арк (1412-1431) - повестью о том, как юная селянка стала освободительницей Франции, как подло она была предана и как бесстрашно взошла на костер. Вниманию слушателей предлагается аудиоверсия романа Марка Твена ". |
| 333 |
Примечание о целевом назначении |
__ |
| a |
Примечание о целевом назначении |
12+. Для детей старше 12 лет |
| 337 |
Примечание о системных требованиях (электронные ресурсы) |
__ |
| a |
Примечание о системных требованиях (электронные ресурсы) |
Системные требования: Персональный компьютер: MS Windows ; Pentium 100 ; RAM 16 Мб ; монитор SVGA, 800x600 ; устройство чтения CD/DVD-ROM ; зв. карта ; колонки или наушники ; мышь ; Аудиосистемы с поддержкой формата MP3: музыкальный центр ; CD/DVD-плеер и т.д. |
| 606 |
Тематические рубрики |
__ |
| a |
Основная рубрика |
Художественная литература |
| 606 |
Тематические рубрики |
__ |
| a |
Основная рубрика |
Литература Америки (произведения) |
| y |
Географическая подрубрика |
США |
| 610 |
Ключевые слова |
__ |
| a |
Ключевые слова |
американская литература |
| a |
Ключевые слова |
детская литература |
| a |
Ключевые слова |
зарубежная литература |
| a |
Ключевые слова |
иностранная литература |
| a |
Ключевые слова |
Орлеанская дева |
| a |
Ключевые слова |
проза |
| a |
Ключевые слова |
романы |
| a |
Ключевые слова |
тема войны |
| a |
Ключевые слова |
тема девушек |
| a |
Ключевые слова |
тема жертвы |
| a |
Ключевые слова |
тема истории |
| a |
Ключевые слова |
тема патриотизма |
| a |
Ключевые слова |
тема приключений |
| a |
Ключевые слова |
тема храбрости |
| 686 |
Индексы других классификаций |
__ |
| a |
Классификационный индекс |
84(7Сое)53-4я04; ст84(7Сое)-4я0 |
| 686 |
Индексы других классификаций |
__ |
| 2 |
Код системы |
rubbks |
| 700 |
Автор |
_1 |
| a |
Фамилия |
Твен |
| b |
Имя |
М. |
| c |
Титул (звания) |
Клеменс, С. Л. |
| f |
Даты |
1835-1910 |
| g |
Полное личное имя |
Марк |
| 4 |
Код отношения |
070 |
| 801 |
Источник записи |
_0 |
| a |
Страна |
ru |
| b |
Организация |
Муниципальное бюджетное учреждение культуры "Централизованная библиотечная система" г. Сургут (Центральная городская библиотека им. А. С. Пушкина) |
| c |
Дата составления |
20150717 |
| g |
Правила каталогизации |
КиК/Коробейникова |
| 801 |
Источник записи |
_1 |
| a |
Страна |
ru |
| b |
Организация |
Муниципальное бюджетное учреждение культуры "Централизованная библиотечная система" г. Сургут (Центральная городская библиотека им. А. С. Пушкина) |
| c |
Дата составления |
20150717 |
| g |
Правила каталогизации |
КиК/Коробейникова |
| 852 |
Данные о местонахождении |
__ |
| j |
Шифр хранения |
84(7Сое)53-4я04 |
| i |
Авторский знак |
Т 26 |
| 901 |
Тип документа |
__ |
| t |
Тип документа |
0 |
| 903 |
Характеристики (МАРС) |
__ |
| a |
Дата передачи |
20150720 |
| 969 |
Тип издания |
__ |
| a |
Тип издания |
аудиокнига; издание для слепых |
| 990 |
Данные о заказе (DOS) |
__ |
| j |
Количество экземпляров (DOS) |
4 |
| t |
N записи в КСУ для И/У (DOS) |
201507 |